Регионална библиотека "Любен Каравелов" - Русе

Русия (Запис номер 125479)

MARC детайли
000 -Лидер
Контролно поле с фиксирана дължина 00936nam a2200289 c 4500
003 - Код на организацията, давaща контролен номер
Контролно поле BLK
005 - Дата и час на последна редакция
Контролно поле 20180420231912.0
008 - Елементи от данни с фиксирана дължина
fixed length control field 180409b bul|||||r ||||||| ||bul||
010 ## - Наследен системен номер
LC control number KNG00131149000
040 ## - Източник на каталожния запис
Идентификатор на билиотеката - собственик на записа BLK
041 ## - Код за език
Код за езика на текст/звукозапис или на отделно заглавие Български
Код за езика КДБФ Български
080 ## - УДК
Текстов определител УДК Френска литература
УДК код - определител по УДК 821.133.1
УДК определител -3
УДК - код + определител 821.133.1-3
100 1# - Редна дума - Автор
Автор Барбюс, Анри
Авторска отговорност първи автор
R(LIN) 36595
139 ## - Редно поле
Редна дума Барбюс, Анри
Авторски знак Бар - Б 26
245 10 - Сведения за заглавието
Заглавие Русия
Редно поле (дума) Анри Барбюс.
257 ## - Страна на издаване
Страна на създаване/издаване Франция
260 ## - Област на издателските данни
-- София
Име на издателя, разпространителя и проч. книж. Антиквар
Година на издаване 1932
Печатница София : Доверие
300 ## - Физическа характеристика
Страници 124 с.
Размери/Мащаб 20 см
380 ## - Жанр
Жанр Худож. лит.
500 ## - Общи забележки
Забележка 2 000 тир.
651 #4 - Допълнително описание по предмет - топоним
Географско понятие Русия
9 (RLIN) 179465
852 ## - Местоположение
Форматна сигнатура Цб 3.205.12597
856 4# - Електронен адрес и достъп
Електронен формат pdf - файл
Път до файла /url/
856 4# - Електронен адрес и достъп
Електронен формат pdf - файл
Път до файла /url/
942 ## - АРТИКУЛИ
Вид на библиотечния материал Книги
Скрит в OPAC Не
944 ## - СЪЗДАВАНЕ И РЕДАКЦИЯ на ЗАПИСА
Създаване/Редакция Създаване
Дата на регистрацията/редакция 08.06.2012
Статус, дата на статуса 08.06.2012 - от С1,Р / 08.06.2012
Служител, извършил регистрацията/редакцията Диана_Димитрова
944 ## - СЪЗДАВАНЕ И РЕДАКЦИЯ на ЗАПИСА
Създаване/Редакция Редакция
Дата на регистрацията/редакция 08.06.2012
Статус, дата на статуса 08.06.2012 - от С1,Р / 08.06.2012
Служител, извършил регистрацията/редакцията
999 ## - СИСТЕМНИ КОНТРОЛНИ НОМЕРА
Koha biblionumber 125479
Koha biblioitemnumber 125479
Наличности
Код за отписване Код за изгубен артикул Източник на класификационната схема Код за повреда Коз за рестрикции Код за отдаване Артикулен № Име на библиотеката - собственик Име на библиотеката, в която се намира в момента Статус (Текущо местоположение) Дата на вписване в системата Местоположение - отдел Цена в лева Инвентарен номер Систематично азбучна сигнатура Баркод Номер на екземпляра Цена в евро Служебна бележка Служебен тип на артикула
  Не е изгубен Universal Decimal Classification Не е повреден без рестрикции ползва се в читалня 204100 Регионална библиотека "Любен Каравелов" Русе Регионална библиотека "Любен Каравелов" Русе Хранилище 1932-01-01 Основен фонд - ползва се само за читалня 0.10 12597 Цб 3.205.12597 900000043783 1 0.05 N: стар фонд Дата: 01.01.1932 Книги
Vip Innovations Ltd, Rousse, Bulgaria 2025